Aus der Triumphgasse.

Saved in:
Bibliographic Details
Main Author: Huch, Ricarda, 1864-1947
Format: Book
Language:German
Published: Jena : Diederichs, 1920.
LEADER 00687nam a22001931 4500
001 c000205264
003 CARM
005 20021125002000.0
008 851113s1920 ge 1 ger d
019 1 |a 23379592  |z 12526855  |z 4155132  |5 LACONCORD2021 
035 |a (OCoLC)10384550  |5 LACONCORD2021 
100 1 |a Huch, Ricarda,  |d 1864-1947. 
245 1 0 |a Aus der Triumphgasse. 
260 |a Jena :  |b Diederichs,  |c 1920. 
500 |a 1964 reprint. 
852 8 |b CARM  |h A2:AN22A0  |i A03318  |p 0297117  |f BK 
082 0 4 |a 833.9 
999 f f |i e9461047-b62d-5fa7-8070-2f58b9601024  |s 1950f347-247c-53f2-9c20-af0e2043fd66 
952 f f |p Can circulate  |a CAVAL  |b CAVAL  |c CAVAL  |d CARM 1 Store  |e A03318  |f A2:AN22A0  |h Other scheme  |i book  |m 0297117